000 00306nam a2200097Ia 4500
082 _a623.8882 PAWS
245 0 _aDes Pawson's knot craft : the book that makes all other knot books work
100 _a PAWSON, Des London, 2003
_996477
942 _cBK
008 210817s9999 xx 000 0 und d
999 _c405407
_d405406